000
00329nam a2200133Ia 4500
008
221007s9999 xx 000 0 und d
041
_a
eng
082
_b
DES
100
_a
Desai S S (2K4205)
_9
102193
245
_a
Sales Order and Billing System
260
_c
2006
_b
Pune University
_a
Pune
520
_a
Vaze S
906
_b
General
999
_c
69354
_d
69354